Culture Générale #01 - Statistiques

Statistiques générales
  • Ce quiz a été pris 276 fois
  • Le résultat moyen est 10 sur 20
Statistiques - réponses
Questions Réponses % Correct
Quel est le nom de la mission spatiale qui a envoyé des astronautes sur la Lune en 1969 ? Apollo 11
91%
Quelle ville actuel se nommait d’abord Byzance puis Constantinople ? Istanbul
84%
Quel joueur de tennis a le plus de titres en Grand Chelem ? Novak Djokovic
84%
Quel est la capitale de la Suède ? Stockholm
80%
Quel est le gaz le plus abondant dans l'atmosphère terrestre ? l’Azote
78%
Quelle unité est utilisée pour mesurer la fréquence des ondes ? les Hertz
74%
Quel est le symbole de l’or dans la tableau périodique des éléments ? Au
72%
Quel est le footballeur ayant reçu la ballon d’or en 2018 ? Luka Modrić
62%
Quel est l’ancien nom de la République Démocratique du Congo ? le Zaïre
61%
Quel est le plus grand organe du corps humain ? la Peau
48%
Quel sculpteur est connu pour son œuvre "La Porte de l'Enfer" ? Auguste Rodin
40%
Qui à découvert la pénicilline ? Alexander Flemming
39%
Quel est le nom de l’acteur principal du film « Le Pianiste » ? Adrien Brody
33%
Qui à écrit « Le vieil Homme et la Mer » ? Ernest Hemingway
30%
Quel est le plus grand lac d’eau douce du monde ? le Lac Supérieur
22%
Quel est le premier pays à avoir reconnu et utilisé le Bitcoin comme monnaie ? le Salvador
22%
Quel est le nom du basketteur le plus titré de l’histoire de la NBA ? Bill Russell
14%
Quel compositeur est connu notamment grâce à l’opéra pour enfant « Pierre et le Loup » ? Sergueï Prokofiev
13%
Quel artiste à peint « Les Noces de Cana » ? Paul Véronèse
10%
Quel poète est l’auteur de « Comprenne qui voudra » ? Paul Éluard
5%
Aucun quiz correspondant
Distribution des résultats
% des personnes avec chaque résultat
Percentile par nombre de réponses
Votre historique - résultats
Vous n’avez pas pris ce quiz